Mughal architecture : (Record no. 353942)
[ view plain ]
| 000 -LEADER | |
|---|---|
| fixed length control field | 01120nam a2200289 a 4500 |
| 001 - CONTROL NUMBER | |
| control field | ASIN0195660420 |
| 003 - CONTROL NUMBER IDENTIFIER | |
| control field | OSt |
| 005 - DATE AND TIME OF LATEST TRANSACTION | |
| control field | 20180116192422.0 |
| 008 - FIXED-LENGTH DATA ELEMENTS--GENERAL INFORMATION | |
| fixed length control field | 140410s2002 xxu eng d |
| 020 ## - INTERNATIONAL STANDARD BOOK NUMBER | |
| International Standard Book Number | 0195660420 (paperback) |
| Terms of availability | $55.00 |
| 020 ## - INTERNATIONAL STANDARD BOOK NUMBER | |
| International Standard Book Number | 9780195660425 (paperback) |
| 040 ## - CATALOGING SOURCE | |
| Transcribing agency | sada |
| 050 04 - LIBRARY OF CONGRESS CALL NUMBER | |
| Classification number | NA1502 |
| 082 04 - DEWEY DECIMAL CLASSIFICATION NUMBER | |
| Classification number | 720.954 |
| 100 1# - MAIN ENTRY--PERSONAL NAME | |
| Personal name | Koch, Ebba. |
| 9 (RLIN) | 7517 |
| 245 10 - TITLE STATEMENT | |
| Title | Mughal architecture : |
| Remainder of title | an outline of its history and development / |
| Statement of responsibility, etc. | Ebba Koch. |
| 260 ## - PUBLICATION, DISTRIBUTION, ETC. | |
| Place of publication, distribution, etc. | [S.l.] : |
| Name of publisher, distributor, etc. | Oxford University Press, USA, |
| Date of publication, distribution, etc. | 2002. |
| 300 ## - PHYSICAL DESCRIPTION | |
| Extent | 160 p. ; |
| Dimensions | 23 cm. |
| 490 1# - SERIES STATEMENT | |
| Series statement | 1526-1858. |
| 520 ## - SUMMARY, ETC. | |
| Summary, etc. | This book provides a concise and richly-illustrated survey of the history of Mughal architecture and the various influences exerted on the Mughal style by earlier Indian, Persian, and central Asian-Timurid architecture as well as European engravings. |
| 650 #0 - SUBJECT ADDED ENTRY--TOPICAL TERM | |
| Topical term or geographic name entry element | Architecture, Mogul |
| 9 (RLIN) | 7518 |
| 650 #0 - SUBJECT ADDED ENTRY--TOPICAL TERM | |
| Topical term or geographic name entry element | India |
| 9 (RLIN) | 7519 |
| 650 #0 - SUBJECT ADDED ENTRY--TOPICAL TERM | |
| Topical term or geographic name entry element | Islamic architecture |
| 9 (RLIN) | 7520 |
| 830 #0 - SERIES ADDED ENTRY--UNIFORM TITLE | |
| Uniform title | 1526-1858. |
| 9 (RLIN) | 7521 |
| 856 40 - ELECTRONIC LOCATION AND ACCESS | |
| Materials specified | Amazon.com |
| Uniform Resource Identifier | <a href="http://www.amazon.com/exec/obidos/ASIN/0195660420/chopaconline-20">http://www.amazon.com/exec/obidos/ASIN/0195660420/chopaconline-20</a> |
| 942 ## - ADDED ENTRY ELEMENTS (KOHA) | |
| Source of classification or shelving scheme | |
| Koha item type | Book |
| Withdrawn status | Lost status | Source of classification or shelving scheme | Damaged status | Not for loan | Permanent Location | Current Location | Date acquired | Total Checkouts | Full call number | Barcode | Date last seen | Date last checked out | Price effective from | Koha item type |
|---|---|---|---|---|---|---|---|---|---|---|---|---|---|---|
| School of Art Design and Architecture (SADA) | School of Art Design and Architecture (SADA) | 04/10/2014 | 1 | 720.954 KOC 2002 | SADA0002295 | 06/20/2016 | 06/15/2016 | 04/10/2014 | Book | |||||
| School of Art Design and Architecture (SADA) | School of Art Design and Architecture (SADA) | 04/10/2014 | 720.954 KOC 2002 | SADA0002296 | 01/05/2017 | 01/05/2017 | Book | |||||||
| School of Art Design and Architecture (SADA) | School of Art Design and Architecture (SADA) | 04/10/2014 | 1 | 720.954 KOC 2002 | SADA0002297 | 06/02/2025 | 01/17/2025 | 01/05/2017 | Book | |||||
| School of Art Design and Architecture (SADA) | School of Art Design and Architecture (SADA) | 04/10/2014 | 3 | 720.954 KOC 2002 | SADA0002298 | 04/04/2024 | 02/29/2024 | 04/10/2014 | Book |
